Lineups: UEFA Champions League Final 2017 - Statistics

General Stats
  • This quiz has been taken 125 times
  • The average score is 18 of 24
Answer Stats
No. Player % Correct
7 Cristiano Ronaldo
98%
1 Keylor Navas
97%
9 Karim Benzema
96%
4(C) Sergio Ramos
96%
8 Toni Kroos
96%
Coach Zinédine Zidane
95%
1(C) Gianluigi Buffon
93%
2 Dani Carvajal
92%
12 Marcelo
92%
19 Luka Modrić
91%
14 Casemiro
89%
3 Giorgio Chiellini
89%
19 Leonardo Bonucci
87%
5 Raphaël Varane
87%
22 Isco
79%
21 Paulo Dybala
66%
17 Mario Mandžukić
65%
Coach Massimiliano Allegri
59%
12 Alex Sandro
52%
9 Gonzalo Higuaín
51%
15 Andrea Barzagli
48%
23 Dani Alves
31%
6 Sami Khedira
30%
5 Miralem Pjanić
29%
No matching quizzes found
Score Distribution
Percent of People with Each Score
Percentile by Number Answered
Your Score History
You have not taken this quiz